Principles and procedures of plant breeding : biotechnological and conventional approaches

l History of the development, current status and latest refinements of plant breeding l Describes breeding plans with their genetic bases l Alternate approaches for the exploitation of heterosis and population improvement elaborated with schematic diagrams l Detailed account of biometrical procedure...

Cijeli opis

Spremljeno u:
Bibliografski detalji
Glavni autor: Chahal, G.S.
Format: Knjiga
Jezik:Undetermined
Izdano: Harrow, U.K. Alpha Science International 2006
Teme:
Oznake: Dodaj oznaku
Bez oznaka, Budi prvi tko označuje ovaj zapis!
Thư viện lưu trữ: Trung tâm Học liệu Trường Đại học Cần Thơ
LEADER 01289nam a2200241Ia 4500
001 CTU_133871
008 210402s9999 xx 000 0 und d
020 |c 1566000 
082 |a 631.52 
082 |b C433 
100 |a Chahal, G.S. 
245 0 |a Principles and procedures of plant breeding : 
245 0 |b biotechnological and conventional approaches 
245 0 |c G.S. Chahal, S.S. Gosal 
260 |a Harrow, U.K. 
260 |b Alpha Science International 
260 |c 2006 
520 |a l History of the development, current status and latest refinements of plant breeding l Describes breeding plans with their genetic bases l Alternate approaches for the exploitation of heterosis and population improvement elaborated with schematic diagrams l Detailed account of biometrical procedures in molecular biology for genetic analysis and improvement of quantitative traits through QTL-mapping 
526 |a Thâm cứu di truyền chọn giống phân tử,Kỹ thuật di truyền phần tử trong công tác giống cây trồng,Công nghệ sinh học cây trồng 
526 |b NNG604,NNG615,CS915 
650 |a Plant breeding.,Plant genetics.,Hạt giống 
904 |i Năm 
980 |a Trung tâm Học liệu Trường Đại học Cần Thơ